Country with only one city over million population - Statistics

General Stats
  • This quiz has been taken 2,175 times
    901 since last reset
  • The average score is 55 of 73
Answer Stats
City Population City Country / Territory % Correct
2,200,000 Stockholm Sweden
87%
7,099,000 Santiago Chile
86%
1,146,000 Helsinki Finland
86%
1,007,000 Oslo Norway
86%
10,556,000 Lima Peru
85%
1,537,000* Auckland New Zealand
84%
2,067,000 Panama City Panama
84%
4,345,000 Santo Domingo Dominican Republic
83%
2,030,000 Vienna Austria
82%
1,752,000 Havana Cuba
82%
1,650,000 Copenhagen Denmark
82%
2,765,000 Guatemala City Guatemala
82%
1,712,000 Port-au-Prince Haiti
82%
1,609,000 Asuncion Paraguay
82%
2,097,000 Bucharest Romania
82%
1,421,000 Montevideo Uruguay
82%
2,106,000 San Jose Costa Rica
81%
3,309,000 Athens Greece
81%
1,386,000 Dublin Ireland
81%
1,355,000 Belgrade Serbia
81%
1,252,000 Niamey Niger
80%
5,926,000 Singapore Singapore
80%
1,087,000 Sofia Bulgaria
79%
1,769,000 N'Djamena Chad
79%
1,240,000 Prague Czechia
79%
1,677,000 San Salvador El Salvador
79%
2,407,000 Budapest Hungary
79%
3,783,000 Bamako Mali
79%
1,419,000 Managua Nicaragua
79%
1,364,000 Muscat Oman
79%
2,160,000 Doha Qatar
79%
2,781,000 Conakry Guinea
78%
1,242,000 Tripoli Libya
78%
3,247,000 Kathmandu Nepal
78%
1,620,000 Kigali Rwanda
78%
7,155,000 Khartoum Sudan
78%
1,303,000 Yerevan Armenia
77%
3,002,000 Baku Azerbaijan
77%
2,126,000 Minsk Belarus
77%
1,093,000 Tbilisi Georgia
77%
1,594,000 Ulaanbaatar Mongolia
77%
2,686,000 Tunis Tunisia
77%
4,679,000 Kampala Uganda
77%
2,196,000 Phnom Penh Cambodia
76%
1,472,000 Dushanbe Tajikistan
76%
1,863,000* Cotonou Benin
75%
4,066,000 Kuwait City Kuwait
75%
1,970,000 Beirut Lebanon
75%
2,673,000 Antananarivo Madagascar
75%
2,860,000 Brazzaville Republic of the Congo
75%
2,572,000 Lome Togo
75%
1,241,000 Ashgabat Turkmenistan
75%
3,202,000 Lusaka Zambia
75%
2,353,000 Harare Zimbabwe
75%
1,040,000* Bujumbura Burundi
74%
2,663,000 Pyongyang North Korea
74%
1,768,000 Monrovia Liberia
73%
2,735,000 Maputo Mozambique
73%
1,264,000 Bangui Central African Republic
72%
1,408,000 Bishkek Kyrgyzstan
72%
7,965,000* Dar es Salaam Tanzania
72%
6,563,000 Amman Jordan
71%
1,444,000 Nouakchott Mauritania
71%
1,403,000 Manama Bahrain
70%
5,678,000* Abidjan Cote d'Ivoire
70%
1,196,000 Lilongwe Malawi
69%
1,836,000 Freetown Sierra Leone
69%
3,532,000 Colombo Sri Lanka
69%
3,181,000 Ouagadougou Burkina Faso
68%
7,185,000 Addis Ababa Ethiopia
68%
1,556,000 Banjul Gambia
62%
1,851,000* Gaza Palestine
14%
1,846,000 San Juan Puerto Rico
10%
No matching quizzes found
Score Distribution
Percent of People with Each Score
Percentile by Number Answered
Your Score History
You have not taken this quiz since the last reset